Literary Detectives’ First Names - Statistics

General Stats
  • This quiz has been taken 59 times
  • The average score is 5 of 10
Answer Stats
Character Creator % Correct
Mr. Holmes Sherlock
100%
Monsieur Poirot Hercule
98%
Major (Ret.) Reacher Jack
65%
Miss Marple Jane
65%
Detective Chief Inspector Morse Endeavour
50%
Inspector Wallander Kurt
33%
Chief Inspector Dalgliesh Adam
31%
Chief Inspector Maigret Jules
31%
Detective Inspector Rebus John
29%
Chief Inspector Wexford Reginald
10%
No matching quizzes found
Score Distribution
Percent of People with Each Score
Percentile by Number Answered
Your Score History
You have not taken this quiz